000 00808nam a2200265 a 4500
001 BRL_1834
005 20190320211405.0
008 070815s1988----mx-o######---#000-0#spa-#
020 _a9681630491
041 _aspa
044 _amx
050 4 _aF1221.L2
_b.V68 1988
100 1 _aVos, Jan de,
_d1936-
_923165
245 1 0 _aLa paz de Dios y del Rey
_bla conquista de la selva Lacandona, 1525-1821
_cJan de Vos.
250 _a2a ed.
260 _aMéxico
_bFondo de Cultura Económica ; Secretaría de Educación y Cultura de Chiapas
_c1988
300 _a504 p.
_bil.
_c23 cm.
440 0 _aColeccion ceiba
_927999
500 _aAu2045
504 _aBibliografía: p. 412-486
650 1 4 _aLacandones
_xHistoria
_923167
651 4 _aChiapas
_xAntigüedades
_912639
902 _aGRL
942 _2lcc
_cB
999 _c10642
_d10642